| 000 | 00354nam a2200133Ia 4500 | ||
|---|---|---|---|
| 008 | 240624s9999 xx 000 0 und d | ||
| 041 | _aeng | ||
| 082 | _a338.7 QIA | ||
| 100 | _aQIAD GINA | ||
| 245 | _aLENOVO WAY MANAGING A DIVERSE GLOBAL COM | ||
| 260 |
_c2014 _aNew Delhi _bTata McGraw-Hill |
||
| 300 | _axxxi, : 234 : p. : cm. ; 26 | ||
| 365 |
_cRS _b33 |
||
| 999 |
_c25683 _d25683 |
||